DEFICITS EDUCATIVOS EN AMERICA LATINA (Registro nro. 16498)
[ vista simple ]
| 000 -LEADER | |
|---|---|
| fixed length control field | 00460nam a2200169 a 4500 |
| 001 - CONTROL NUMBER | |
| control field | 16498 |
| 005 - DATE AND TIME OF LATEST TRANSACTION | |
| control field | 20180713205440.0 |
| 008 - FIXED-LENGTH DATA ELEMENTS--GENERAL INFORMATION | |
| fixed length control field | 140415s1991 mx 000 0 spa d |
| 020 ## - INTERNATIONAL STANDARD BOOK NUMBER | |
| International Standard Book Number | 966078878 |
| 041 ## - LANGUAGE CODE | |
| Language code of text/sound track or separate title | spa |
| 082 ## - DEWEY DECIMAL CLASSIFICATION NUMBER | |
| Classification number | 379.248 |
| Item number | DEF |
| 245 00 - TITLE STATEMENT | |
| Title | DEFICITS EDUCATIVOS EN AMERICA LATINA |
| 250 ## - EDITION STATEMENT | |
| Edition statement | 1a ed. |
| 260 ## - PUBLICATION, DISTRIBUTION, ETC. | |
| Place of publication, distribution, etc. | MEXICO : |
| Name of publisher, distributor, etc. | CREFAL, |
| Date of publication, distribution, etc. | 1991 |
| 300 ## - PHYSICAL DESCRIPTION | |
| Extent | 677 |
| 650 14 - SUBJECT ADDED ENTRY--TOPICAL TERM | |
| Topical term or geographic name entry element | ANALFABETISMO |
| General subdivision | AMERICA LATINA |
| -- | EDUCACION.AMERICA LATINA |
| Withdrawn status | Lost status | Source of classification or shelving scheme | Damaged status | Not for loan | Collection code | Home library | Current library | Shelving location | Date acquired | Source of acquisition | Inventory number | Total Checkouts | Full call number | Barcode | Date last seen | Price effective from | Koha item type |
|---|---|---|---|---|---|---|---|---|---|---|---|---|---|---|---|---|---|
| Dewey Decimal Classification | General | Biblioteca Karol Wojtyla | Biblioteca Karol Wojtyla | Sala general | 03/12/2013 | Compra | 151000000000000000045248 | 379.248 DEF | 34300 | 05/01/2026 | 03/12/2013 | Libro |